Chelsea FC Squad 2011-2012 - Statistics

General Stats
  • This quiz has been taken 64 times
  • The average score is 18 of 31
Answer Stats
# Position Nation Player % Correct
11 FW Ivory Coast Didier Drogba
100%
1 GK Czech Republic Petr Čech
100%
8 MF England Frank Lampard
96%
9 FW Spain Fernando Torres
93%
4 DF Brazil David Luiz
91%
2 DF Serbia Branislav Ivanović
89%
26 DF England John Terry
85%
5 MF Ghana Michael Essien
85%
3 DF England Ashley Cole
83%
24 DF England Gary Cahill
83%
10 FW Spain Juan Mata
78%
12 MF Nigeria John Obi Mikel
76%
7 MF Brazil Ramires
74%
15 FW France Florent Malouda
65%
- Coach Italy Roberto Di Matteo
65%
21 FW Ivory Coast Salomon Kalou
61%
18 FW Belgium Romelu Lukaku
59%
17 DF Portugal José Bosingwa
57%
39 FW France Nicolas Anelka
52%
19 DF Portugal Paulo Ferreira
48%
16 MF Portugal Raúl Meireles
48%
34 DF England Ryan Bertrand
46%
23 FW England Daniel Sturridge
37%
- Coach Portugal André Villas-Boas
35%
6 MF Spain Oriol Romeu
30%
13 DF Brazil Alex
26%
40 GK Portugal Hilário
26%
22 GK England Ross Turnbull
20%
20 MF England Josh McEachran
6%
35 FW Brazil Lucas Piazón
6%
27 MF England Sam Hutchinson
4%
No matching quizzes found
Score Distribution
Percent of People with Each Score
Percentile by Number Answered
Your Score History
You have not taken this quiz